000
00270nam a2200109Ia 4500
008
190216s9999||||xx |||||||||||||| ||und||
100
_a
Mukesh Jain
245
0
_a
Entrance Examination Today
260
_b
Oswal Printers&Pub(Pvt) Ltd
_c
1998
300
_a
181p
942
_c
REF
999
_c
35988
_d
35988